Efficiency aspects of Fishery management <the> case of the North sea

Salvato in:
Dettagli Bibliografici
Autore principale: Kim, Chungsoo
Natura: Libro
Lingua:inglese
Pubblicazione: Kiel Institut für Weltwirtschaft 1981
Serie:Working Paper no. 128
Tags: Aggiungi Tag
Nessun Tag, puoi essere il primo ad aggiungerne!!

MARC

LEADER 00000nam a2200000 4500
001 c112939
005 20181203150321.8
041 0 |a eng 
044 |a DE 
245 1 0 |a Efficiency aspects of Fishery management  |b <the> case of the North sea  |c Chungsoo Kim 
264 1 |a Kiel  |b Institut für Weltwirtschaft  |c 1981 
300 |a 43 s. 
490 1 |a Working Paper  |v no. 128 
830 0 |a Working Paper  |v no. 128 
100 1 |a Kim, Chungsoo